| 000 | 00713nam a2200229 u 4500 | ||
|---|---|---|---|
| 005 | 20240228064316.0 | ||
| 008 | 171013s2007 usa r 000 0 spa d | ||
| 020 | _a1404267972 | ||
| 035 | _aUPN01000220952 | ||
| 049 | _aI | ||
| 050 | 4 |
_aHQ503 _bS5.2 |
|
| 100 | 1 |
_aShea, Therese, _d1978- _933610 |
|
| 245 | 1 | 3 |
_aEl álbum de Carmen / _cTherese Shea ; tr. María Cristina Brusca. |
| 260 |
_aNew York : _bRosen Classroom Books & Materials, _c2007. |
||
| 300 |
_a8 p. : _bil. col. |
||
| 440 | 0 |
_aLecturas del barrio. _pNarrativa |
|
| 650 | 4 |
_aFamilias _xHistoria _920778 |
|
| 650 | 4 |
_aFOTOGRAFIAS - _vCATALOGOS _923545 |
|
| 650 | 4 |
_aLibros y lectura para niños _92290 |
|
| 905 | _aInfantil | ||
| 999 |
_c193051 _d193051 |
||